• 首页
  • 本馆介绍
  • 公告通知
  • 最新文献
  • 馆藏检索
  • 电子资源
  • 读者导购
  • 参考咨询
  • 我的图书馆
  • 登录
  • 详细信息显示
  • 放入我的书架
  • 预约/预借图书
  • 作者相关作品
  • 分类相关作品
  • 丛书相关作品
  • 出版社相关作品

书目信息

  • 表格格式
  • 工作单格式
  • 卡片格式
题名:
丰田的未来
    
 
作者: ;孙逢明 译 ;日本经济新闻社 编
分册:  
出版信息: 杭州   浙江人民出版社  2021.11
页数: 237页
开本: 24cm
丛书名:
单 册:
中图分类: F431.364
科图分类:
主题词:
电子资源:
ISBN: 978-7-213-10258-5
000 00962nam0 2200253 450
001 CAL 010715439
005 20230217093112.0
010    @a978-7-213-10258-5@dCNY68.00
100    @a20211110d2021 em y0chiy0120 ea
101 1  @achi@cjpn
102    @aCN@b330000
105    @aa z 000yy
106    @ar
200 1  @a丰田的未来@Afeng tian de wei lai@e人工智能时代的生存之道@f日本经济新闻社编@g孙逢明译
210    @a杭州@c浙江人民出版社@d2021.11
215    @a237页@c图@d24cm
330    @a本书阐述了汽车行业的共享化、自动化、电动化、智能化给丰田带来的冲击, 并提出如何对抗冲击, 永保不败之地的解决方案。
517 1  @a人工智能时代的生存之道@Aren gong zhi neng shi dai de sheng cun zhi dao
601 02 @a丰田汽车公司@Afeng tian qi che gong si@x工业企业管理@x经验
690    @aF431.364@v5
702  0 @a孙逢明@Asun feng ming@4译
711 02 @a日本经济新闻社@Ari ben jing ji xin wen she@4编
801  0 @aCN@bBJXHZP@c20230228
905    @b1404988-91@dF431.364@e88@f4
    
    丰田的未来:人工智能时代的生存之道/日本经济新闻社编/孙逢明译.-杭州:浙江人民出版社,2021.11
    237页:图;24cm
    
    
    ISBN 978-7-213-10258-5:CNY68.00
    本书阐述了汽车行业的共享化、自动化、电动化、智能化给丰田带来的冲击, 并提出如何对抗冲击, 永保不败之地的解决方案。
●
相关链接 在E读中查询图书 在五车中查询图书 在当当中查询图书 在豆瓣中查询图书


正题名:丰田的未来     索取号:F431.364/88         预约/预借

序号 登录号 条形码 馆藏地/架位号 状态 备注
1 1404988   214049885   第一样本阅览室/ [索取号:F431.364/88] 在馆    
2 1404989   214049894   第一借阅区/ [索取号:F431.364/88] 在馆    
3 1404990   214049901   第一借阅区/ [索取号:F431.364/88] 在馆    
4 1404991   214049910   第一借阅区/ [索取号:F431.364/88] 在馆    
唐山师范学院图书馆 欢迎您!
大连网信软件有限公司© 版权所有